Najbardziej nadawane imiona męskie w 2023 roku (top 100) - Statystyki

Ogólne statystyki
  • Ten quiz został rozwiązany 272 razy
  • Średni wynik to 55 z 100
Statystyki odpowiedzi
Hint Odpowiedź % Poprawnych
24 Piotr
94%
2 Jan
92%
44 Paweł
90%
1 Antoni
84%
30 Bartosz
84%
5 Jakub
84%
33 Mateusz
83%
79 Aleks
82%
4 Franciszek
82%
16 Kacper
82%
18 Michał
82%
37 Tomasz
81%
3 Aleksander
80%
9 Filip
80%
31 Krzysztof
80%
15 Adam
79%
53 Kamil
78%
40 Maciej
78%
10 Stanisław
78%
8 Szymon
78%
51 Bartłomiej
77%
34 Karol
76%
20 Wiktor
76%
81 Łukasz
75%
92 Marek
74%
22 Igor
73%
77 Marcin
73%
83 Damian
71%
28 Dawid
71%
11 Nikodem
71%
55 Patryk
71%
74 Robert
71%
96 Andrzej
70%
13 Wojciech
70%
56 Daniel
69%
32 Dominik
69%
59 Grzegorz
67%
35 Hubert
65%
41 Henryk
64%
21 Oliwier
64%
58 Adrian
63%
73 Rafał
63%
26 Julian
62%
6 Leon
62%
62 Eryk
61%
65 Krystian
61%
17 Marcel
61%
7 Mikołaj
61%
12 Ignacy
60%
61 Sebastian
60%
27 Oskar
59%
42 Cezary
58%
43 Tadeusz
58%
39 Natan
57%
80 Przemysław
57%
19 Maksymilian
53%
45 Artur
52%
86 Konrad
52%
75 Emil
51%
88 Radosław
50%
14 Tymon
50%
36 Alan
49%
97 Norbert
49%
23 Tymoteusz
49%
25 Miłosz
48%
67 Jerzy
47%
52 Józef
47%
78 Ryszard
47%
29 Gabriel
46%
48 Kuba
45%
64 Stefan
41%
87 Juliusz
40%
50 Olaf
40%
98 Ireneusz
39%
89 Błażej
37%
54 Kazimierz
36%
66 Kornel
36%
82 Nataniel
33%
57 Witold
32%
47 Borys
28%
46 Ksawery
28%
99 Mieczysław
27%
90 Remigiusz
27%
85 Jeremi
26%
49 Kajetan
26%
100 Brajan
25%
91 Dorian
25%
38 Bruno
24%
76 Feliks
24%
71 Tobiasz
24%
95 Ludwik
23%
84 Florian
21%
68 Leonard
21%
70 Gustaw
20%
94 Jędrzej
20%
69 Mieszko
20%
63 Teodor
19%
93 Kordian
14%
72 Konstanty
13%
60 Milan
13%
Nie znaleziono quizów pasujących do podanych kryteriów
Rozkład punktacji
Procent ludzi z każdym wynikiem
Percentyl według liczby udzielonych odpowiedzi
Twoja historia wyników
Nie rozwiązałeś tego quizu